Designing mobile autonomous robots / (Record no. 17902)

MARC details
000 -LEADER
fixed length control field 00970cam a22003017a 4500
001 - CONTROL NUMBER
control field 13555529
005 - DATE AND TIME OF LATEST TRANSACTION
control field 20140109094240.0
006 - FIXED-LENGTH DATA ELEMENTS--ADDITIONAL MATERIAL CHARACTERISTICS--GENERAL INFORMATION
fixed length control field m||||f ||z 00| 0
008 - FIXED-LENGTH DATA ELEMENTS--GENERAL INFORMATION
fixed length control field 040412t2004 ne a frb 001 0 eng
010 ## - LIBRARY OF CONGRESS CONTROL NUMBER
LC control number 2004298450
020 ## - INTERNATIONAL STANDARD BOOK NUMBER
International Standard Book Number 0750676833
020 ## - INTERNATIONAL STANDARD BOOK NUMBER
International Standard Book Number 9780750676830
040 ## - CATALOGING SOURCE
Original cataloging agency UKM
Transcribing agency UKM
Modifying agency MIA
-- GZM
-- DLC
050 00 - LIBRARY OF CONGRESS CALL NUMBER
Classification number TJ211.495
Item number .H65 2004
082 04 - DEWEY DECIMAL CLASSIFICATION NUMBER
Classification number 629.8932
Edition number 22
Item number HOL
100 1# - MAIN ENTRY--PERSONAL NAME
Personal name Holland, John M.
9 (RLIN) 34786
245 10 - TITLE STATEMENT
Title Designing mobile autonomous robots /
Statement of responsibility, etc by John Holland.
246 14 - VARYING FORM OF TITLE
Title proper/short title Designing autonomous mobile robots :
Remainder of title inside the mind of an intelligent machine
260 ## - PUBLICATION, DISTRIBUTION, ETC. (IMPRINT)
Place of publication, distribution, etc Amsterdam :
Name of publisher, distributor, etc Elsevier Newnes,
Date of publication, distribution, etc c.2004.
300 ## - PHYSICAL DESCRIPTION
Extent xv, 335 p. :
Other physical details ill. ;
Dimensions 24 cm. +
Accompanying material CD-ROM.
500 ## - GENERAL NOTE
General note Index : p. 331-335.
500 ## - GENERAL NOTE
General note Include appendix.
504 ## - BIBLIOGRAPHY, ETC. NOTE
Bibliography, etc Includes bibliographical references.
650 #0 - SUBJECT ADDED ENTRY--TOPICAL TERM
Topical term or geographic name as entry element Autonomous robots
9 (RLIN) 34787
653 ## - INDEX TERM--UNCONTROLLED
Resource For college
Arrived date list January2014
655 ## - INDEX TERM--GENRE/FORM
Form subdivision
-- 34232
942 ## - ADDED ENTRY ELEMENTS (KOHA)
Source of classification or shelving scheme Dewey Decimal Classification
Item type Book - Borrowing
Call number prefix 629.8932 HOL
Holdings
Withdrawn status Item status Source of classification or shelving scheme Damaged status Not for loan Vendor Home library Current library Shelving location Date acquired Source of acquisition Total Checkouts Total Renewals Full call number Barcode Date last seen Date last borrowed Koha item type Materials specified (bound volume or other part)
    Dewey Decimal Classification     Baccah Central Library Central Library First floor 09/01/2014   1 9 629.8932 HOL 000035299 15/07/2025 24/01/2014 Book - Borrowing  
    Dewey Decimal Classification     Baccah Central Library Central Library First floor 09/01/2014       629.8932 HOL 000035300 24/08/2022   CD | DVD - With book  
    Dewey Decimal Classification     Baccah Central Library Central Library First floor 09/01/2014   2 2 629.8932 HOL 000035301 15/07/2025 31/01/2018 Book - Borrowing  
  Lost Dewey Decimal Classification     Baccah Central Library Central Library First floor 09/01/2014       629.8932 HOL 000035302 09/01/2014   CD | DVD - With book Lost In Inventory_2015-8-23